True crime through history

Պահպանված է:
Մատենագիտական մանրամասներ
Այլ հեղինակներ: Jones, Richard Glyn
Ձևաչափ: Գիրք
Լեզու:English
Հրապարակվել է: Bath, UK Parragon 2002
Խորագրեր:
Ցուցիչներ: Ավելացրեք ցուցիչ
Չկան պիտակներ, Եղեք առաջինը, ով նշում է այս գրառումը!
LEADER 00687pam a2200193 4500
001 0000001331
008 060417s2002 xxk eng
020 |a 0752574337 
050 0 0 |a HV6251  |b .T78 2002 
090 0 0 |a HV6251  |b .T78 2002 
245 0 0 |a True crime through history  |c  /edited by Richard Glyn Jones 
260 |a Bath, UK  |b Parragon  |c 2002 
300 |a 590 p.  |c 19 cm 
650 0 |a Crime and criminals  |9 10779 
700 1 |a Jones, Richard Glyn  |9 10780 
998 0 0 |a ssj/060203 
999 |c 1346  |d 1346 
997 |a FTK 
952 |0 0  |1 0  |2 lcc  |4 0  |6 HV6251 T78 02002  |7 0  |9 1768  |a PLHKI  |b PLHKI  |c Open Shelf  |d 2019-02-26  |e YLB  |g 140.00  |l 8  |o HV6251 T78 2002  |p 0000016841  |r 2008-05-15  |s 2008-05-15  |w 2019-02-26  |y BOK - OS